| 000 | 00583nam a2200217Ia 4500 | ||
|---|---|---|---|
| 008 | 170918s9999 xx 000 0 und d | ||
| 020 | _a9780142300220 | ||
| 050 | _bH711pu 2000 | ||
| 100 | _aHoffman, Mary | ||
| 245 | _aStarring Grace / | ||
| 245 | _cby Mary Hoffman ; pictures by Caroline Binch. | ||
| 260 | _aNew York : | ||
| 260 | _bPuffin Books, | ||
| 260 | _c2000 | ||
| 300 | _a95 pages : | ||
| 300 | _billustrations ; | ||
| 300 | _c19cm. | ||
| 300 | _ePuffin chapters. | ||
| 440 | _vSequel to the best-selling Amazing Grace and Boundless Grace. | ||
| 500 | _a740 | ||
| 999 |
_c343700 _d343700 |
||